书目信息 |
| 题名: |
电焊工
|
|
| 作者: | 姜学成 , 王景文 主编 | |
| 分册: | ||
| 出版信息: | 北京 中国建筑工业出版社 2017.10 |
|
| 页数: | 172页 | |
| 开本: | 21cm | |
| 丛书名: | ||
| 单 册: | ||
| 中图分类: | TG443 | |
| 科图分类: | ||
| 主题词: | 电焊--dian han--技术培训--教材 | |
| 电子资源: | ||
| ISBN: | 978-7-112-20897-5 | |
| 000 | 00936nam0 2200265 450 | |
| 001 | 0100001798 | |
| 005 | 20190306094247.52 | |
| 010 | @a978-7-112-20897-5@dCNY16.00 | |
| 100 | @a20171211d2017 em y0chiy50 ea | |
| 101 | 0 | @achi |
| 102 | @aCN@b110000 | |
| 105 | @aak a 000yy | |
| 200 | 1 | @a电焊工@Adian han gong@f本书编委会编 |
| 210 | @a北京@c中国建筑工业出版社@d2017.10 | |
| 215 | @a172页@c图@d21cm | |
| 314 | @a书内题: 姜学成, 王景文主编 | |
| 320 | @a有书目 (第172页) | |
| 330 | @a本书包括: 焊接准备、焊条电弧焊、埋弧焊、手工钨极氩弧焊、熔化极气体保护焊、气焊 (割) 、等离子切割及碳弧气刨、常用金属材料的焊接、焊接接头质量控制、焊后检查及焊接返修等内容。 | |
| 333 | @a建筑工人 (安装) 技能培训教程 | |
| 606 | 0 | @a电焊@Adian han@x技术培训@j教材 |
| 690 | @aTG443@v5 | |
| 701 | 0 | @a姜学成@Ajiang xue cheng@4主编 |
| 701 | 0 | @a王景文@Awang jing wen@4主编 |
| 801 | 0 | @aCN@c20180901 |
| 905 | @a河南城建学院图书馆@dTG443@eJ530 | |
| 电焊工/本书编委会编.-北京:中国建筑工业出版社,2017.10 |
| 172页:图;21cm |
| 使用对象:建筑工人 (安装) 技能培训教程 |
| ISBN 978-7-112-20897-5:CNY16.00 |
| 本书包括: 焊接准备、焊条电弧焊、埋弧焊、手工钨极氩弧焊、熔化极气体保护焊、气焊 (割) 、等离子切割及碳弧气刨、常用金属材料的焊接、焊接接头质量控制、焊后检查及焊接返修等内容。 |
| ● |
| 相关链接 |
|
|
|
正题名:电焊工
索取号:TG443/J530
 
预约/预借
| 序号 | 登录号 | 条形码 | 馆藏地/架位号 | 状态 | 备注 |
| 1 | 1305087 | 213050874 | 自科库501/501自科库 26排4列5层/ [索取号:TG443/J530] | 在馆 | |
| 2 | 1378869 | 213788695 | 自科库501/501自科库 26排4列5层/ [索取号:TG443/J530] | 在馆 | |
| 3 | 1378870 | 213788702 | 自科库501/501自科库 26排4列5层/ [索取号:TG443/J530] | 在馆 |